Endeudamiento entre empresas vinculadas. Principio de la realidad económica (Registro nro. 20318)

Detalles MARC
000 -LEADER
fixed length control field 00361 a2200109 4500
001 - CONTROL NUMBER
control field ART_51153
005 - DATE AND TIME OF LATEST TRANSACTION
control field 20260410161758.0
008 - FIXED-LENGTH DATA ELEMENTS--GENERAL INFORMATION
fixed length control field 260409a
100 1# - MAIN ENTRY--PERSONAL NAME
Personal name García, Roberto Martín
245 10 - TITLE STATEMENT
Title Endeudamiento entre empresas vinculadas. Principio de la realidad económica
773 0# - HOST ITEM ENTRY
Title Doctrina tributaria
Related parts - N° 486 (sep. 2020)
Record control number REV4296

No hay ítems disponibles.